Catálogo

INOCENCIO NI PICA NI ESCARDA, PERO SIEMPRE SE COME EL MEJOR ELOTE (Registro nro. 57861)

Detalles MARC
000 -LEADER
fixed length control field 01014nam a2200205 a 4500
001 - CONTROL NUMBER
control field 57861
005 - DATE AND TIME OF LATEST TRANSACTION
control field 20180714054224.0
008 - FIXED-LENGTH DATA ELEMENTS--GENERAL INFORMATION
fixed length control field 140415s1992 mx 000 0 spa d
020 ## - INTERNATIONAL STANDARD BOOK NUMBER
International Standard Book Number 9700503364
041 ## - LANGUAGE CODE
Language code of text/sound track or separate title spa
082 ## - DEWEY DECIMAL CLASSIFICATION NUMBER
Classification number 863
Item number ARE
100 1# - MAIN ENTRY--PERSONAL NAME
Personal name ARELLANO, JUAN ESTEVAN
245 10 - TITLE STATEMENT
Title INOCENCIO NI PICA NI ESCARDA, PERO SIEMPRE SE COME EL MEJOR ELOTE
250 ## - EDITION STATEMENT
Edition statement 1a ed.
260 ## - PUBLICATION, DISTRIBUTION, ETC.
Place of publication, distribution, etc. MEXICO :
Name of publisher, distributor, etc. GRIJALBO,
Date of publication, distribution, etc. 1992
300 ## - PHYSICAL DESCRIPTION
Extent 323
Dimensions 13.7 x 1.1 x 21
490 ## - SERIES STATEMENT
Series statement SECCION DE OBRAS DE SOCIOLOGIA
520 ## - SUMMARY, ETC.
Summary, etc. LA NOVELA, PUES, NO ES SOLO LA BIEN PERGEÑADA HISTORIA DE UN PICARO QUE SE LAS ARREGLA SIEMPRE PARA NO TRABAJAR, SINO QUE A LA VEZ ES LA HISTORIA INCOMODA, PERO CHISPORREANTE Y ENERGICA, DE UN LENGUAJE QUE SE HA NEGADO EN DESAPARECER, Y QUE ESTA AQUI, EN ESTAS PAGINAS, VIVO, MALICIOSO, PICARO, SATIRICO Y SOBRE TODO, POTENTE , PUES HA RESISTIDO LOS EMBATES DE LOS MÁS FEROCES DEPREDADORES: EL TIEMPO Y EL PROGRESO
650 14 - SUBJECT ADDED ENTRY--TOPICAL TERM
Topical term or geographic name entry element LITERATURA MEXICANA
General subdivision SIGLO XX
-- NOVELA MEXICANA
Existencias
Withdrawn status Lost status Source of classification or shelving scheme Damaged status Not for loan Collection code Home library Current library Shelving location Date acquired Source of acquisition Inventory number Total Checkouts Full call number Barcode Date last seen Price effective from Koha item type
    Dewey Decimal Classification     General Biblioteca Karol Wojtyla Biblioteca Karol Wojtyla Sala general 03/12/2013 Compra 151000000000000000033961   863 ARE 87351 05/01/2026 03/12/2013 Libro